00495nam a22001577a 4500008004100000020001500041040001500056050002600071245008100097260004900178300001800227650002000245650003300265650002200298700001700320161004b xxu||||| |||| 00| 0 eng d a0520047785 aKABUcKABU aML3798b.M36 1980 C.1 aMusics of many culturescedited by Elizabeth May and foreword by Mantle Hood aLondonbUniversity of California pressc1980 a xix, 433 p. aEthnomusicology aMusicxHistory and criticism aMusic and society aHood, Mantle